| 000 | 01649nam0a2200349 i 4500 | ||
|---|---|---|---|
| 001 | RU\NLR\BIBL_A\010478454 | ||
| 005 | 20240921105351.0 | ||
| 010 |
_a9785898387136 _950 |
||
| 021 |
_aRU _b2014-59845 _93628 |
||
| 035 | _a(NILC)RuMoRGB-007533859 | ||
| 035 | _a(NLR Aleph) 010478454 | ||
| 090 |
_a10055718 _c10055718 |
||
| 100 | _a20141017d2013 u y0rusy50 ca | ||
| 101 | 0 | _arus | |
| 102 | _aRU | ||
| 105 | _aa|||j||||||y| | ||
| 200 | 1 |
_aТехнические средства автоматизации контроля и диагностики и систем управления _eучебное пособие _fО. Н. Федонин, С. Ю. Съянов, Д. И. Петрешин _gМ-во образования и науки Российской Федерации, Брянский гос. технический ун-т |
|
| 210 |
_aБрянск _cИзд-во БГТУ _d2013 |
||
| 215 |
_a136 с. _cил. _d20 |
||
| 320 | _aБиблиогр.: с. 127 | ||
| 320 | _aПредм. указ.: с. 128-130 | ||
| 606 | 1 |
_aМашиностроение _jУчебные издания для высших учебных заведений _xАвтоматизация _xАппараты и приборы _9955540 _3RU\NLR\AUTH\66356043 |
|
| 686 | 1 | _aК5-5-05я73-1 | |
| 700 | 1 |
_aФедонин _bО. Н. _gОлег Николаевич |
|
| 701 | 1 |
_aСъянов _bС. Ю. _gСергей Юрьевич |
|
| 701 | 1 |
_aПетрешин _bД. И. _gДмитрий Иванович |
|
| 801 | 0 |
_aRU _bРГБ _c20140812 _gRCR |
|
| 801 | 1 |
_aRU _bРГБ _c20140812 _2rusmarc |
|
| 942 | _cBOOK | ||
| 980 | _aNBR | ||